| 000 | 00490nam a2200169Ia 4500 | ||
|---|---|---|---|
| 005 | 20240701070644.0 | ||
| 008 | 240331s9999 xx 000 0 und d | ||
| 020 | _a0813206073 | ||
| 082 |
_a100 _bPHI |
||
| 245 | 4 |
_aThe philosophy oflmmanuel kant : _bstudies in Philosophy and the History of Philosophy |
|
| 260 |
_aAmerica _bThe Catholic University of America press _c1985 |
||
| 300 | _a256 p ., | ||
| 650 | _aphilosophy | ||
| 650 | _ahistory | ||
| 700 |
_aKennington, R. _eedt |
||
| 942 | _cL | ||
| 999 |
_c693 _d693 |
||